|
|
|
|
| LEADER |
00975nam a2200313 a 4500 |
| 001 |
nkc20142572015 |
| 003 |
CZ PrNK |
| 005 |
20140327155305.0 |
| 007 |
ta |
| 008 |
140306s2013 xr a g 000 p cze |
| 015 |
|
|
|a cnb002572015
|
| 020 |
|
|
|a 978-80-87435-45-8
|q (váz.)
|
| 035 |
|
|
|a (OCoLC)876343224
|
| 040 |
|
|
|a OLA001
|b cze
|d ABA001
|
| 072 |
|
7 |
|a 821.162.3-1
|x Česká poezie
|2 Konspekt
|9 25
|
| 080 |
|
|
|a 821.162.3-1
|2 MRF
|
| 080 |
|
|
|a (0:82-1)
|2 MRF
|
| 100 |
1 |
|
|a Šulista, Petr,
|d 1949-
|7 xx0013743
|4 aut
|4 pht
|
| 245 |
1 |
0 |
|a Krajinou předků mých /
|c Petr Šulista
|
| 250 |
|
|
|a Vyd. 1.
|
| 260 |
|
|
|a Jindřichův Hradec :
|b Epika,
|c 2013
|
| 300 |
|
|
|a 70 s. :
|b barev. il. ;
|c 20 cm
|
| 655 |
|
7 |
|a česká poezie
|7 fd133958
|2 czenas
|
| 655 |
|
9 |
|a Czech poetry
|2 eczenas
|
| 910 |
2 |
|
|a BOA001
|b 1-1323.041
|
| 990 |
|
|
|a BK
|
| 995 |
|
|
|a 01
|
| 991 |
|
|
|b 201403
|c NOV
|e b
|
| 996 |
6 |
|
|b 2610584759
|c 1-1323.041
|l MZK
|r Sklad / do 1 hodiny
|n 0
|p p.v.
|w 001407628
|u 000010
|a 1
|e BOA001
|j MZK50
|s P
|